National income accouts, 1958 and financial transaction accouts 1956 - 58

Enregistré dans:
Détails bibliographiques
Auteur principal: Kazushi, Ohkawa
Format: Livre
Langue:Undetermined
Publié: Tokyo Economic Research Institute 1958
Sujets:
Tags: Ajouter un tag
Pas de tags, Soyez le premier à ajouter un tag!
Thư viện lưu trữ: Trung tâm Học liệu Trường Đại học Cần Thơ
LEADER 00519nam a2200169Ia 4500
001 CTU_77842
008 210402s9999 xx 000 0 und d
082 |a 338.9 
082 |b O.36 
100 |a Kazushi, Ohkawa 
245 0 |a National income accouts, 1958 and financial transaction accouts 1956 - 58 
245 0 |c Kazushi Ohkawa 
260 |a Tokyo 
260 |b Economic Research Institute 
260 |c 1958 
650 |a Development economic,Economic plans 
980 |a Trung tâm Học liệu Trường Đại học Cần Thơ